000 00666cam a2200265ua 4500
020 _c10.00
041 _amal
_h
082 _a636.5
_bKOC/KO
100 _aKochu Govindan, A K .
245 _aKozhivalarthal /
_cA K Kochu Govindan.
_hTextual Documents
250 _a1 /
_b.
260 _aThiruvananthapuram :
_bState Instititute of Languages ,
_c1972.
300 _a304 ; .
365 _a10.00
504 _a
700 1 _aGopalakrishnan Nair, R .
942 _cBK
999 _c10887
_d10887